书目信息 |
| 题名: |
GB/T 27402-2008《实验室质量控制规范 植物检疫》理解与实施
|
|
| 作者: | ;全国认证认可标准化技术委员会 编著 | |
| 分册: | ||
| 出版信息: | 北京 中国标准出版社 2009.05 |
|
| 页数: | 220页 | |
| 开本: | 30cm | |
| 丛书名: | ||
| 单 册: | ||
| 中图分类: | S41-33 | |
| 科图分类: | ||
| 主题词: | 植物检疫--实验室--质量管理体系--国家标准--中国--教材 | |
| 电子资源: | ||
| ISBN: | 978-7-5066-5223-0 | |
| 000 | 01107nam0 2200229 450 | |
| 001 | 004224863 | |
| 005 | 20100809093940.79 | |
| 010 | @a978-7-5066-5223-0@dCNY46.00 | |
| 100 | @a20100515d2009 em y0chiy50 ea | |
| 101 | 0 | @achi |
| 102 | @aCN@b110000 | |
| 105 | @ay z 000yy | |
| 200 | 1 | @aGB/T 27402-2008《实验室质量控制规范 植物检疫》理解与实施@AGB/T 27402-2008《shi yan shi zhi liang kong zhi gui fan zhi wu jian yi》li jie yu shi shi@f全国认证认可标准化技术委员会编著@Fquan guo ren zheng ren ke biao zhun hua ji shu wei yuan hui bian zhu |
| 210 | @a北京@c中国标准出版社@d2009.05 | |
| 215 | @a220页@d30cm | |
| 300 | @a国家标准化管理委员会统一宣贯教材 国家认证认可监督管理委员会推荐培训教材 | |
| 330 | @a本书按照标准条款的顺序逐条进行解释,主要采用标准条款、理解要点和应用实例的编写结构。内容包括:管理要求、技术要求、过程控制要求、结果质量控制等。 | |
| 606 | 0 | @a植物检疫@x实验室@x质量管理体系@x国家标准@y中国@j教材 |
| 690 | @aS41-33@v4 | |
| 711 | 02 | @a全国认证认可标准化技术委员会@Aquan guo ren zheng ren ke biao zhun hua ji shu wei yuan hui@4编著 |
| 801 | @c20100515 | |
| 905 | @dS41-33@eQ900@f5 | |
| GB/T 27402-2008《实验室质量控制规范 植物检疫》理解与实施/全国认证认可标准化技术委员会编著.-北京:中国标准出版社,2009.05 |
| 220页;30cm |
| 国家标准化管理委员会统一宣贯教材 国家认证认可监督管理委员会推荐培训教材 |
| ISBN 978-7-5066-5223-0:CNY46.00 |
| 本书按照标准条款的顺序逐条进行解释,主要采用标准条款、理解要点和应用实例的编写结构。内容包括:管理要求、技术要求、过程控制要求、结果质量控制等。 |
| ● |
| 相关链接 |
|
|
|
正题名:GB/T 27402-2008《实验室质量控制规范 植物
索取号:S41-33/Q900
 
预约/预借
| 序号 | 登录号 | 条形码 | 馆藏地/架位号 | 状态 | 备注 |
| 1 | 1021036 | 210210369 | 自科库401/401自科库 67排2列4层/ [索取号:S41-33/Q900] | 在馆 | |
| 2 | 1021037 | 210210378 | 自科库401/401自科库 67排2列4层/ [索取号:S41-33/Q900] | 在馆 | |
| 3 | 1021038 | 210210387 | 自科库401/401自科库 67排2列4层/ [索取号:S41-33/Q900] | 在馆 | |
| 4 | 1021039 | 210210396 | 自科库401/401自科库 67排2列4层/ [索取号:S41-33/Q900] | 在馆 | |
| 5 | 1021040 | 210210403 | 自科库401/401自科库 67排2列4层/ [索取号:S41-33/Q900] | 在馆 |